L'herméneutique est-elle fondamentale ? (notice n° 1583215)

détails MARC
000 -LEADER
fixed length control field 01622cam a2200205 4500500
005 - DATE AND TIME OF LATEST TRANSACTION
control field 20251228052257.0
041 ## - LANGUAGE CODE
Language code of text/sound track or separate title fre
042 ## - AUTHENTICATION CODE
Authentication code dc
100 10 - MAIN ENTRY--PERSONAL NAME
Personal name Falque, Emmanuel
Relator term author
245 00 - TITLE STATEMENT
Title L'herméneutique est-elle fondamentale ?
260 ## - PUBLICATION, DISTRIBUTION, ETC.
Date of publication, distribution, etc. 2011.<br/>
500 ## - GENERAL NOTE
General note 68
520 ## - SUMMARY, ETC.
Summary, etc. RésuméUn hommage à Paul Ricœur doit en mesurer la grandeur, comme aussi la limite, au moins dans son actuelle et simple répétition. Ce n’est jamais faire honneur à un auteur, aussi célèbre et fécond soit-il, que de le réitérer sans chercher à le continuer, voire à autrement l’envisager. Le présent essai interrogera en ce sens le bien-fondé de l’« herméneutique textuelle » pour aujourd’hui, ainsi que sa reprise mot pour mot en philosophie comme en théologie. Une herméneutique n’est « fondamentale » qu’en cela seulement qu’elle s’attache à un mode d’existence adéquat à sa visée, ce qui aura au moins le mérite de mieux se différencier, et surtout de davantage s’identifier. À l’herméneutique protestante du « sens du texte » (Ricœur) et à l’herméneutique juive du « corps de la lettre » (Lévinas), on substituera alors ici, dans une tentative pour le moins programmatique, une herméneutique dite « catholique » du « texte du corps ».
690 ## - LOCAL SUBJECT ADDED ENTRY--TOPICAL TERM (OCLC, RLIN)
Topical term or geographic name as entry element Emmanuel Lévinas
690 ## - LOCAL SUBJECT ADDED ENTRY--TOPICAL TERM (OCLC, RLIN)
Topical term or geographic name as entry element herméneutique
690 ## - LOCAL SUBJECT ADDED ENTRY--TOPICAL TERM (OCLC, RLIN)
Topical term or geographic name as entry element Paul Ricœur
690 ## - LOCAL SUBJECT ADDED ENTRY--TOPICAL TERM (OCLC, RLIN)
Topical term or geographic name as entry element texte du corps
786 0# - DATA SOURCE ENTRY
Note Transversalités | 117 | 1 | 2011-03-01 | p. 121-145 | 1286-9449
856 41 - ELECTRONIC LOCATION AND ACCESS
Uniform Resource Identifier <a href="https://shs.cairn.info/revue-transversalites-2011-1-page-121?lang=fr&redirect-ssocas=7080">https://shs.cairn.info/revue-transversalites-2011-1-page-121?lang=fr&redirect-ssocas=7080</a>

Pas d'exemplaire disponible.

PLUDOC

PLUDOC est la plateforme unique et centralisée de gestion des bibliothèques physiques et numériques de Guinée administré par le CEDUST. Elle est la plus grande base de données de ressources documentaires pour les Étudiants, Enseignants chercheurs et Chercheurs de Guinée.

Adresse

627 919 101/664 919 101

25 boulevard du commerce
Kaloum, Conakry, Guinée

Réseaux sociaux

Powered by Netsen Group @ 2025